| 000 | 01097nam0a2200301 4500 | ||
|---|---|---|---|
| 001 | RU\NLR\bibl\1729772 | ||
| 005 | 20250616075205.0 | ||
| 010 |
_a978-5-486-03767-2 _910000 |
||
| 021 |
_aRU _b2010-103218 _96974 |
||
| 035 | _a(NLR Aleph) 001720730 | ||
| 090 |
_a1338081 _c1338081 |
||
| 100 | _a20110131d2010 |||y0rusy50 ca | ||
| 101 | 0 | _arus | |
| 102 | _aRU | ||
| 105 | _ay ||||||||| | ||
| 200 | 1 |
_aКефир и простокваша _eхудеем с пользой _f[Хамидова В.Р.] |
|
| 210 |
_aМосква _cМир книги _cВесы _d2010 |
||
| 215 |
_a191 с. _d20 |
||
| 300 | _aАвт. указан на обороте тит.л. | ||
| 606 | 1 |
_aКефир _xЛечебное применение _92170065 _3RU\NLR\auth\661305449 |
|
| 606 | 1 |
_aПростокваша _xЛечебное применение _92467974 _3RU\NLR\auth\661466015 |
|
| 686 | _aР123.851.3-0 | ||
| 700 | 1 |
_aХамидова _bВ. Р. _gВиолетта Романовна _4070 |
|
| 801 | 0 |
_aRU _bNLR _c20110131 _gRCR |
|
| 801 | 1 |
_aRU _bNLR _c20110131 |
|
| 942 | _cBOOK | ||
| 980 | _aNB | ||